|
|
|
|
| LEADER |
01568nam a2200409Ia 4500 |
| 001 |
EBC345178 |
| 003 |
MiAaPQ |
| 005 |
20200520144314.0 |
| 006 |
m o d | |
| 007 |
cr cn||||||||| |
| 008 |
071211s2007 cau sb 000 0 eng d |
| 010 |
|
|
|z 2007050579
|
| 020 |
|
|
|z 9780833043238 (pbk. : alk. paper)
|
| 020 |
|
|
|z 9780833044419
|
| 035 |
|
|
|a (MiAaPQ)EBC345178
|
| 035 |
|
|
|a (Au-PeEL)EBL345178
|
| 035 |
|
|
|a (CaPaEBR)ebr10227036
|
| 035 |
|
|
|a (CaONFJC)MIL143022
|
| 035 |
|
|
|a (OCoLC)437212079
|
| 040 |
|
|
|a MiAaPQ
|c MiAaPQ
|d MiAaPQ
|
| 050 |
|
4 |
|a JK776
|b .M74 2007
|
| 100 |
1 |
|
|a Montoya, Silvia.
|
| 245 |
1 |
0 |
|a Modernizing the federal government
|h [electronic resource] :
|b paying for performance /
|c Silvia Montoya, John D. Graham.
|
| 260 |
|
|
|a Santa Monica, CA :
|b RAND,
|c c2007.
|
| 300 |
|
|
|a xiii, 40 p.
|
| 490 |
1 |
|
|a Occasional paper / Rand Corporation
|
| 504 |
|
|
|a Includes bibliographical references.
|
| 533 |
|
|
|a Electronic reproduction. Ann Arbor, MI : ProQuest, 2015. Available via World Wide Web. Access may be limited to ProQuest affiliated libraries.
|
| 650 |
|
0 |
|a Personnel management
|z United States.
|
| 650 |
|
0 |
|a Employee motivation
|z United States.
|
| 650 |
|
0 |
|a Merit pay
|z United States.
|
| 651 |
|
0 |
|a United States
|x Officials and employees
|x Salaries, etc.
|
| 655 |
|
4 |
|a Electronic books.
|
| 700 |
1 |
|
|a Graham, John D.
|q (John David),
|d 1956-
|
| 710 |
2 |
|
|a ProQuest (Firm)
|
| 830 |
|
0 |
|a Occasional paper (Rand Corporation)
|
| 856 |
4 |
0 |
|u https://ebookcentral.proquest.com/lib/matrademy/detail.action?docID=345178
|z Click to View
|